000 00523nam a2200193Ia 4500
003 OSt
005 20250123114928.0
008 210210b1978 xxu||||| |||| 00| 0 eng d
040 _cAL
041 _aKannada
082 _aK894.3 GURR
100 _aGURUPUTRA.
_dಗುರುಪುತ್ರ
_9194860
245 _aRaktatirtha.
_bರಕ್ತ ತೀರ್ಥ.
260 _aBengaluru
_bShri Ganapati Pablikeshans
_c1978
300 _aviii,143
690 _aKannada Fiction
_9194861
906 _aSG01105
942 _2ddc
_cBK
999 _c112468
_d112468